Primary US Highways of Pennsylvania Quiz Stats

 Plays Quiz not verified by Sporcle

Challenge
Share
Tweet
Embed
Score 0/23 Timer 10:00
0 Plays Today
Counties it Passes Through US Highway Number % Correct
Beaver, Allegheny, Westmoreland, Somerset, Bedford, Fulton, Franklin, Adams, York, Lancaster, Chester, Delaware, Montgomery, and Philadelphia Counties30
79.1%
Washington, Allegheny, Westmoreland, Indiana, Cambria, Blair, Huntingdon, Mifflin, Juniata, Perry, Dauphin, Lebanon, Berks, Lehigh, and Northampton Counties22
68.7%
Crawford, Erie, Warren, McKean, Potter, Tioga, Bradford, Wyoming, Lackawanna, Wayne, and Pike Counties6
67.2%
Chester, Delaware, Philadelphia, and Bucks Counties1
62.7%
Crawford, Mercer, Venango, Clarion, Jefferson, Clearfield, Centre, Mifflin, Juniata, Perry, Dauphin, Lebanon, Lancaster, Chester, and Delaware Counties322
62.7%
Delaware, Philadelphia, and Bucks Counties13
53.7%
Franklin, Cumberland, Perry, Juniata, Snyder, Union, Montour, Columbia, Luzerne, Lackawanna, Wyoming, and Susquehanna Counties11
52.2%
Adams, York, Cumberland, Perry, Juniata, Snyder, Union, Lycoming, and Tioga Counties15
52.2%
Lancaster, Berks, and Lehigh Counties222
52.2%
Greene, Washington, Allegheny, Butler, Lawrence, Mercer, Crawford, and Erie Counties19
50.7%
Dauphin, Lebanon, Berks, Montgomery, and Chester Counties422
50.7%
Erie County20
43.3%
Counties it Passes Through US Highway Number % Correct
Washington, Fayette, and Somerset Counties40
43.3%
Delaware, Chester, Montgomery, and Bucks Counties202
41.8%
Fayette, Westmoreland, Indiana, Jefferson, and Clearfield Counties119
40.3%
Somerset, Cambria, Clearfield, Jefferson, Elk, and McKean Counties219
38.8%
Pike County206
37.3%
Dauphin, Schuylkill, Carbon, and Monroe Counties209
37.3%
Bedford, Blair, Centre, Clinton, Lycoming, Sullivan, and Bradford Counties220
37.3%
Fulton, Huntingdon, Mifflin, and Snyder Counties522
34.3%
Mercer, Venango, Forest, and Warren Counties62
28.4%
Erie County6N
23.9%
Lawrence County224
23.9%

You're not logged in!

Compare scores with friends on all Sporcle quizzes.
Join for Free
OR
Log In

You Might Also Like...

Show Comments

Extras

Top Quizzes Today


Score Distribution

Your Account Isn't Verified!

In order to create a playlist on Sporcle, you need to verify the email address you used during registration. Go to your Sporcle Settings to finish the process.

Report this User

Report this user for behavior that violates our Community Guidelines.

Details: